000 00434nam a2200181Ia 4500
001 23113
005 20260414150916.0
008 260414t2014||||xx |||||||||||||| ||spa||
041 _aESP
082 _a624.1834
_bR68 T. 1
100 _aRivva López, Enrique
_eAUT
245 0 _aMateriales para el concreto
_b
260 _c2014
300 _a208 páginas :
_c30 cm.
650 _a0
654 _aCIC
942 _cLIB
_dJUS
_fJUS
_2ddc
_n
999 _c23113
_d23113